000 00717cam a2200277 4500
001 J89997
008 090401t1998 xxu||||| |||| 00| 0 eng d
035 _a(Sirsi) u84447
041 _aeng
050 _a332.6324
110 _aHealey and Baker
_91907
245 _aQuarterly market report. - January 1998 - Autumn 1998
260 _aLondon
_bHealey and Baker
_c1998
300 _a3 pt. ; 30cm.
350 _a7.5
650 _aPROPERTY-COMMERCIAL PROPERTY
650 _aINDUSTRIAL PROPERTY
650 _aOFFICES
650 _aPROPERTY INVESTMENT
650 _aRETAIL PROPERTY
650 _aSHOPS
650 _aYIELDS
690 _aPROPERTY-COMMERCIAL PROPERTY
942 _n0
948 _c24/02/1998
999 _c96945
_d96945